UITU Library & LRC     

Smart Phone Locator (android application)(code book) (Record no. 32152)

MARC details
000 -LEADER
fixed length control field 00445nam a2200133Ia 4500
008 - FIXED-LENGTH DATA ELEMENTS--GENERAL INFORMATION
fixed length control field 260210s9999 xx 000 0 und d
024 ## - OTHER STANDARD IDENTIFIER
Standard number or code 10B-58-BS, 10B-88-BS &10B-95-BS
082 ## - DEWEY DECIMAL CLASSIFICATION NUMBER
Classification number 005.1072 YUS
100 ## - MAIN ENTRY--PERSONAL NAME
Personal name Yusra Khalid, Saba Shabbir & Romesa Mirza
245 #0 - TITLE STATEMENT
Title Smart Phone Locator (android application)(code book)
260 ## - PUBLICATION, DISTRIBUTION, ETC.
Place of publication, distribution, etc. Karachi:
Name of publisher, distributor, etc. UITU,
Date of publication, distribution, etc. 2010
600 ## - SUBJECT ADDED ENTRY--PERSONAL NAME
Personal name Computer Science
650 ## - SUBJECT ADDED ENTRY--TOPICAL TERM
Topical term or geographic name entry element Bachelor of Computer Science (BS)

No items available.

Powered by Koha